00797nam a2200229Ia 4500001000700000003000500007008004100012010001100053020001800064040000900082082001800091245009800109260005500207300001100262500006200273503001400335504002700349650002600376650004200402650003400444700008900478Z_6007CHAP220113s1989 xx 000 0 und d a169219 a968-6198-06-7 cCHAP a333.70972 P76 aLa producción rural en México: alternativas ecológicas /cVíctor M. Toledo...[et al] aMéxico :bFundación Universo Veintiuno,c1989 a402 p. aIncluye Mapa Municipal de México por Zonas Ecológicas aej.1: s/n aIncluye bibliografía aImpactos ecológicos aProducción agropecuaria y forestal  aRecursos naturalesxMéxico  aI. Toledo, Victor M. autor II. Carabias, Jululia, coaut. III. Toledo, Carlos, coaut.